000 006160000a22002050004500
003 LK-CoMWRAF
005 20231024144830.0
008 230817t1991 ||||| |||| 00| 0 eng d
020 _a0300050062
040 _aLK-CoMWRAF
_dLK-CoMWRAF
_eLK-CoMWRAF
041 _aeng
082 _a305.42
_bWOM
245 _aWomen In Middle Eastern History:
_bShifting Boundaries in Sex and Gender
260 _aNew Haven:
_bYale University press,
_c1991
300 _axii, 343 p. ; 25 cm.
_bIndex included
650 _aWOMEN MIDDLE EAST-History
700 _a Keddie, Nikki R.
_eed.
700 _aBaron, Beth.
_eed.
942 _cBK
999 _c3174
_d3174